Legendary Pokémon - Statistics

General Stats
  • This quiz has been taken 44 times
  • The average score is 34 of 74
Answer Stats
Answer % Correct
Mewtwo
93%
Lugia
85%
Articuno
81%
Ho-Oh
78%
Moltres
78%
Zapdos
78%
Entei
74%
Groudon
74%
Kyogre
74%
Raikou
74%
Suicune
74%
Palkia
70%
Rayquaza
70%
Reshiram
70%
Zekrom
70%
Dialga
67%
Giratina
63%
Regice
63%
Regirock
63%
Registeel
63%
Latias
56%
Lunala
56%
Solgaleo
56%
Xerneas
56%
Yveltal
56%
Zygarde
56%
Latios
52%
Regigigas
52%
Tornadus
52%
Uxie
52%
Azelf
48%
Kyurem
48%
Landorus
48%
Mesprit
48%
Zacian
48%
Zamazenta
48%
Cobalion
44%
Heatran
44%
Necrozma
44%
Eternatus
41%
Regidrago
41%
Tapu Koko
41%
Terrakion
41%
Thundurus
41%
Cresselia
37%
Regieleki
37%
Tapu Bulu
37%
Virizion
37%
Cosmoem
33%
Cosmog
33%
Tapu Fini
33%
Tapu Lele
33%
Koraidon
30%
Miraidon
30%
Urshifu
30%
Calyrex
26%
Glastrier
26%
Kubfu
26%
Okidogi
26%
Silvally
26%
Type: Null
26%
Chien-Pao
22%
Enamorus
22%
Fezandipiti
22%
Munkidori
22%
Ogerpon
22%
Spectrier
22%
Chi-Yu
19%
Terapagos
19%
Ting-Lu
19%
Wo-Chien
19%
Galarian Articuno
15%
Galarian Moltres
15%
Galarian Zapdos
15%
No matching quizzes found
Score Distribution
Percent of People with Each Score
Percentile by Number Answered
Your Score History
You have not taken this quiz